00373 a2200109 4500001001000000005001700010008004100027245009100068100002100159700001900180773006400199ART_2758720260410161645.0260409a 10aAtractivo enfoque del instituto de la prescripción liberatoria en materia tributaria1 aAcevedo, Rodolfo1 aCaputo, Romina0 tConsultor tributariog- Año 8, Nº 94 (dic. 2014)wREV474